000 00348nam a2200145Ia 4500
005 20251222143110.0
008 251222s9999||||xx |||||||||||||| ||spa||
020 _a978-612-319-065-1
082 _a234.7/T68
100 _aTornielli, Andrea
245 0 _aEl Nombre de Dios es Misericordia
250 _a1a.ed.
264 _bPlaneta
942 _cLIB
999 _c11123
_d11123